00378nam a22001577a 4500003000400000005001700004008004100021020002100062040002300083050001500106082001500121100002000136245002500156250001800181260002100199OSt20210914144824.0210914b |||||||| |||| 00| 0 eng d a0-13-181042-6 01 cHawassa university a576/STAb4 a576/STAb4 aStaner roger y. aThe microbial world  aFifth edition aNew jerseyc1986